Antonio L. Cosmes de Cossío : un precursor del fotorreportaje /
Antonio L. Cosmes de Cossío fue un fotógrafo mexicano de la primera mitad del siglo XIX muy versátil, pues practicó las variadas técnicas existentes en su época para la realización de sus obras. Se realizó como daguerrotipista, retratista, miniaturista, especialista en colorear fotografías, practica...
محفوظ في:
| المؤلف الرئيسي: | |
|---|---|
| التنسيق: | كتاب |
| اللغة: | الإسبانية |
| منشور في: |
México :
CONACULTA,
2001, c2001
|
| سلاسل: | (Círculo de Arte)
|
| الموضوعات: | |
| الوسوم: |
لا توجد وسوم, كن أول من يضع وسما على هذه التسجيلة!
|
MARC
| LEADER | 00000nam^a2200000^a^4500 | ||
|---|---|---|---|
| 001 | 000136458 | ||
| 005 | 20250521000000.0 | ||
| 009 | 20260310095319.222 | ||
| 020 | |a 970-18-6050-0 | ||
| 037 | |a Acervo ITESO - Biblioteca | ||
| 041 | |a ESP | ||
| 082 | |a 709. 72 |b CIR V. 62 | ||
| 100 | |a Montellano, Francisco |e (autor) | ||
| 245 | 1 | 0 | |a Antonio L. Cosmes de Cossío : |b un precursor del fotorreportaje / |c F. Montellano. |
| 246 | 2 | |a Título en la cubierta: Antonio L. Cosmes de Cossío | |
| 264 | 4 | |a México : |b CONACULTA, |c 2001, c2001 | |
| 300 | |a 31, [33] p. | ||
| 336 | |a texto |b txt |2 rdacontenido | ||
| 337 | |a sin mediación |b n |2 rdamedio | ||
| 338 | |a volumen |b nc |2 rdasoporte | ||
| 440 | 1 | |a (Círculo de Arte) | |
| 520 | |a Antonio L. Cosmes de Cossío fue un fotógrafo mexicano de la primera mitad del siglo XIX muy versátil, pues practicó las variadas técnicas existentes en su época para la realización de sus obras. Se realizó como daguerrotipista, retratista, miniaturista, especialista en colorear fotografías, practicante de la estereoscopía y un precursor del fotorreportaje. Este volumen reúne una muestra representativa de su trabajo. | ||
| 649 | |a XX | ||
| 650 | |a Fotógrafos Mexicanos | ||
| 650 | |a Fotografía Mexicana - |y Siglo XIX | ||
| 650 | |a Retrato (Fotografía) - |z México - |x Historia - |y Siglo XIX | ||
| 650 | |a Fotoperiodismo - |z México - |x Historia - |y Siglo XIX | ||
| 650 | |a Fotografía - |x Historia - |y Siglo XIX | ||
| 650 | |a Fotografía - |x Historia y Crítica | ||
| 650 | |a Arte Mexicano | ||
| 650 | |a Antonio L. Cosmes de Cossío | ||
| 910 | |a Fondo General | ||
| 920 | |a Impresos - Libros | ||
| 930 | |a Colección General | ||
| 905 | |a 101 | ||
| 901 | |a 0500065157 |b IT1 |c ACC |u 20250521 | ||
| 902 | |a https://opac.biblio.iteso.mx/vufind/Record/000136458 | ||